| 000 | 00749cam a22002411 4500 | ||
|---|---|---|---|
| 001 | 6597717 | ||
| 003 | PILC | ||
| 005 | 20150824135457.0 | ||
| 008 | 711201s1966 inu 000 0 eng | ||
| 010 | _a 66020175 | ||
| 035 | _a(OCoLC)176842 | ||
| 040 |
_aDLC _cODaWU _dOCoLC _dTxU _dDLC |
||
| 041 | 1 | _aengund | |
| 050 | 0 | 0 |
_aLB 775 _b.M785 1966 |
| 100 | 1 |
_aMontessori, Maria, _d1870-1952. |
|
| 245 | 1 | 4 |
_aThe secret of childhood / _cMaria Montessori ; translated by M. Joseph Costelloe. |
| 260 |
_aNotre Dame, Ind. : _bFides Publishers, _c1966. |
||
| 300 |
_axxvi, 216 pages : _c20 cm. _billustrations ; |
||
| 650 | 0 | _aChild development. | |
| 650 | 0 | _aEducation. | |
| 906 |
_a7 _bcbc _coclcrpl _du _encip _f19 _gy-gencatlg |
||
| 942 |
_2lcc _cBK _kFOR |
||
| 999 |
_c288458 _d288458 |
||